Snow White and the seven dwarfs [

Bibliographic Details
Format: Book
Published: s.l : The Walt Disney Company , 19-
Series:Walt Disney version
Subjects:

MARC

LEADER 00000cam a2200000 7i4500
001 0000005966
002 000006442
005 20021003.0
020 |a 000006442 
090 0 0 |a JF   |b SNO 
245 1 0 |a Snow White and the seven dwarfs [  |h video recording] 
260 |a s.l :   |b The Walt Disney Company ,   |c 19- 
300 |a 1 Video recording VHS (83 minutes) :   |b col.(PAL) 
490 0 |a Walt Disney version 
500 |a Library has 1 copy 
650 0 0 |a Cartoon and carricatures 
999 |a 00168   |b VIDEO   |c JUNIOR FICTION   |e PERPUSTAKAAN KOMUNITI PETALING JAYA